| 000 | 00881cam a2200253 a 4500 | ||
|---|---|---|---|
| 001 | 000007919 | ||
| 005 | 20200929154342.0 | ||
| 008 | 880527s1995 cu b 001 f spa | ||
| 040 |
_aDO-SdBNP _cDLC _dDLC |
||
| 043 | _anwcu--- | ||
| 082 |
_a972.9100496 _bO77n |
||
| 100 | 1 |
_aOrtiz, Fernando, _q(Fernando Ortiz Fernández) _d1881-1969. _921703 |
|
| 245 | 1 | 4 |
_aLos negros curros / _cFernando Ortiz ; texto establecido con prólogo y notas aclaratorias, Diana Iznaga. |
| 260 |
_aLa Habana : _bCiencias Sociales, _c1995. |
||
| 300 |
_axxviii, 342 p., ; _c23 cm. |
||
| 490 | 1 | _aPensamiento cubano | |
| 504 | _aBibliografía: p. 327-342. | ||
| 650 | 4 |
_aNegros _zCuba _xHistoria _921704 |
|
| 650 | 4 |
_aBlacks _zCuba _xCondiciones sociales _921705 |
|
| 700 | 1 |
_aIznaga, Diana, _epról. _921706 |
|
| 830 | 0 |
_aPensamiento cubano ; _921707 |
|
| 910 | _aCatalogación derivada | ||
| 049 | _aBNGR | ||
| 999 |
_c7697 _d7697 |
||